| 000 | 01623cam a22003254a 4500 | ||
|---|---|---|---|
| 001 | 13851632 | ||
| 005 | 20050627143753.0 | ||
| 008 | 050124s2005 nyua b 001 0 eng | ||
| 010 | _a 2005001789 | ||
| 020 | _a1591022878 (alk. paper) | ||
| 020 | _a9781591022879 (alk. paper) | ||
| 035 | _a(DNLM)101239297 | ||
| 040 |
_aDNLM/DLC _cDLC _dDLC _dDLC |
||
| 042 | _apcc | ||
| 050 | 0 | 0 |
_aT174.7 _b.H35 2005 |
| 060 | 1 | 0 |
_aQT 36 _bH177n 2005 |
| 082 | 0 | 0 |
_a620.5 _222 _bHAL |
| 100 | 1 |
_aHall, J. Storrs. _927626 |
|
| 245 | 1 | 0 |
_aNanofuture : _bWhat's Next for Nanotechnology / _cJ. Storrs Hall. |
| 260 |
_aAmherst, NY : _bPrometheus Books, 2005 _c2005. |
||
| 300 |
_a333 p. : _bill. ; _c24 cm. |
||
| 504 | _aIncludes bibliographical references (p. 305-312) and index. | ||
| 505 | 0 | _aWhat is nanotechnology -- A handle on the future -- Current nanotechnology -- Nanomachine design and analysis -- Nuts and bolts -- Engines -- A digital technology -- Self-replication -- Food, clothing, and shelter -- Economics -- Transportation -- Space -- Robots -- Artificial intelligence -- Runaway replicators -- Real dangers -- Nanomedicine -- Improvements -- The human prospect. | |
| 650 | 0 |
_aNanotechnology. _927627 |
|
| 653 |
_bGen _cOctober2011 |
||
| 856 | 4 | 1 |
_3Table of contents _uhttp://www.loc.gov/catdir/toc/ecip056/2005001789.html |
| 942 |
_2ddc _cBB |
||
| 999 |
_c16169 _d16169 |
||